[Event "MEX-ch 26 (Women)"]
[Site "Merida"]
[Date "2019.05.15"]
[Round "4"]
[White "Viveros Mendoza, Cynthia"]
[Black "Sejas Leyva, Indra Sarahi"]
[Result "1-0"]
[WhiteElo "1514"]
[BlackElo "1142"]
[PlyCount "117"]
[EventDate "2019.05.12"]
[EventType "swiss"]
[EventRounds "6"]
[EventCountry "MEX"]
[SourceTitle "EXT 2020"]
[Source "ChessBase"]
[SourceDate "2019.10.17"]
[SourceVersion "1"]
[SourceVersionDate "2019.10.17"]
[SourceQuality "1"]

1. e4 e5 2. Nf3 Nc6 3. c3 Nf6 4. d3 Bc5 5. h3 d5 6. exd5 Nxd5 7. Nbd2 Bf5 8. Ne4 Bb6 9. Be2 h6 10. 0-0 0-0 11. Ng3 Bg6 12. Nh2 Qd6 13. Bf3 Rae8 14. Ne4 Qd8 15. Re1 f5 16. Ng3 f4 17. Ne4 Qh4 18. Rf1 Bf5 19. Bg4 Re6 20. Nf3 Qd8 21. Bxf5 Rxf5 22. b3 Rg6 23. Ba3 a6 24. Bc5 Nce7 25. Bxb6 Nxb6 26. Nh4 Nbd5 27. Nxg6 Nxg6 28. Qg4 Nge7 29. Rad1 Nf6 30. Nxf6+ Rxf6 31. Qf3 Qd5 32. Qe4 Rg6 33. f3 c6 34. c4 Qe6 35. Kh2 Nf5 36. Rf2 Ne3 37. Re1 Rg5 38. Rxe3 fxe3 39. Qxe3 Qd6 40. Qe4 Qc5 41. Re2 b6 42. g4 Qd6 43. Kg3 h5 44. Re3 h4+ 45. Kxh4 Qh6+ 46. Kg3 Qd6 47. h4 Rg6 48. Qxe5 Qxe5+ 49. Rxe5 Rd6 50. Re3 Kh7 51. g5 Kg6 52. Kg4 Rd4+ 53. f4 a5 54. h5+ Kh7 55. Kf5 Rd8 56. Ke4 Re8+ 57. Kf3 Rxe3+ 58. Kxe3 g6 59. h6 1-0

[Event "MEX-ch 26 (Women)"]
[Site "Merida"]
[Date "2019.05.13"]
[Round "2"]
[White "Viveros Mendoza, Cynthia"]
[Black "Diaz Osorio, Ana Carolina"]
[Result "1/2-1/2"]
[WhiteElo "1514"]
[BlackElo "1612"]
[PlyCount "93"]
[EventDate "2019.05.12"]
[EventType "swiss"]
[EventRounds "6"]
[EventCountry "MEX"]
[SourceTitle "EXT 2020"]
[Source "ChessBase"]
[SourceDate "2019.10.17"]
[SourceVersion "1"]
[SourceVersionDate "2019.10.17"]
[SourceQuality "1"]

1. e4 e5 2. Nf3 Nc6 3. d4 exd4 4. Nxd4 Bc5 5. Be3 Qf6 6. c3 Nge7 7. Qd2 d5 8. Nxc6 Qxc6 9. Bxc5 Qxc5 10. exd5 Nxd5 11. Be2 0-0 12. 0-0 Be6 13. Qc1 Rad8 14. Nd2 Rfe8 15. Bf3 Nf4 16. Ne4 Qe5 17. Ng3 Nd3 18. Qc2 Bc4 19. Rfd1 f5 20. b3 Ba6 21. c4 g6 22. a3 Nf4 23. Rac1 b6 24. Rxd8 Rxd8 25. Rd1 Re8 26. Nf1 Bc8 27. Ne3 Kg7 28. Kf1 Ne6 29. Kg1 Nd4 30. Qd3 c5 31. Nf1 f4 32. b4 Bf5 33. Qd2 g5 34. h3 Nxf3+ 35. gxf3 Bxh3 36. Nh2 h6 37. Ng4 Bxg4 38. fxg4 Kf6 39. Qd7 Re7 40. Qd8 Kf7 41. Qd3 Qe6 42. Qh7+ Ke8 43. Qh8+ Kf7 44. Qh7+ Ke8 45. Qh8+ Kf7 46. Qh7+ Ke8 47. Qh8+ 1/2-1/2